Role of predatory ants (Hymenoptera : Formicidae) as a biological control agent to sugar beet pests (Record no. 60048)

MARC details
000 -LEADER
fixed length control field 02431cab a2200265Ia 45 0
001 - CONTROL NUMBER
control field u210873
003 - CONTROL NUMBER IDENTIFIER
control field SIRSI
008 - FIXED-LENGTH DATA ELEMENTS--GENERAL INFORMATION
fixed length control field 120426s2014 ua ss b eng d
040 ## - CATALOGING SOURCE
Original cataloging agency EAL
041 ## - LANGUAGE CODE
Language code of text/sound track or separate title eng
Language code of summary or abstract ara
090 ## - LOCALLY ASSIGNED LC-TYPE CALL NUMBER (OCLC); LOCAL CALL NUMBER (RLIN)
Classification number (OCLC) (R) ; Classification number, CALL (RLIN) (NR) ART ZJAR V41 No2 9
100 1# - MAIN ENTRY--PERSONAL NAME
Personal name Bazazo, Kamal G. I.
240 10 - UNIFORM TITLE
Uniform title Zagazig journal of agricultural research, 2014 v. 41 (2)
Medium [electronic resource].
245 10 - TITLE STATEMENT
Title Role of predatory ants (Hymenoptera : Formicidae) as a biological control agent to sugar beet pests
Medium [electronic resource].
246 15 - VARYING FORM OF TITLE
Title proper/short title دور النمل المفترس (رتبة غشائية الأجنحة : عائلة فورميسيدى) كأحد عوامل المكافحة الحيوية لآفات بنجر السكر.
300 ## - PHYSICAL DESCRIPTION
Extent p.315-319.
504 ## - BIBLIOGRAPHY, ETC. NOTE
Bibliography, etc. note Includes references.
520 ## - SUMMARY, ETC.
Summary, etc. Formicid species (order: Hymenoptera) occurring in the Egyptian sugar beet fields at the Experimental Farm of Sakha Agricultural Research Station, were surveyed during 2011/2012 and 2012/2013 seasons. Identified specimens revealed the occurrence of seven formicid species belonging to three subfamilies, i.e. Dolichoderinae (one specie), Formicinae (two species) and Myrmicinae (four species). The majority of devoured prey by formicid species were insect pests, mites and snails (93.44%). Fortunately, the natural enemies were preyed by ants constituted only 6.56% of the total prey. The major insect pests were Collembola, dipterous, cicadellids, Scrobipalpa ocellatella Boyd., Thrips tabaci Lind., Cassida vittata Vill. and aphids with 21.31, 18.03,14.75,11.48, 3.28, 3.28 and 3.28%, respectively. Application of insecticides proved to be hazardous to these beneficial formicids. Reduction in formicid populations in treated plots with chlorpyrifos-methyl after twenty-four hours, one week and two weeks were 85.06, 64.52 and 58.33%, respectively. Finally, the current investigation shows the importance of ants as a biocontrol agent, which indicates to the necessity to avoid or minimize the insecticidal applications. Key words: Biological control, Formicidae, sugar beet, pests, chlorpyrifos-methyl.
546 ## - LANGUAGE NOTE
Language note Summary in Arabic.
596 ## -
-- 1
650 #0 - SUBJECT ADDED ENTRY--TOPICAL TERM
Topical term or geographic name entry element Sugar beet
General subdivision Diseases and pests
-- Biological control.
650 #0 - SUBJECT ADDED ENTRY--TOPICAL TERM
Topical term or geographic name entry element Predatory insects.
773 0# - HOST ITEM ENTRY
Title Zagazig Journal of Agricultural Research.
Related parts 2014.v.41(2)
International Standard Serial Number 1110-0338
Control subfield nnas
Record control number u158356
856 40 - ELECTRONIC LOCATION AND ACCESS
Uniform Resource Identifier <a href="http://nile.enal.sci.eg/EALE/2014/ZJAR/4114/2/315.pdf">http://nile.enal.sci.eg/EALE/2014/ZJAR/4114/2/315.pdf</a>
Public note Full Text Article.
942 ## - ADDED ENTRY ELEMENTS (KOHA)
Koha item type Articles
Source of classification or shelving scheme Library of Congress Classification

No items available.


Home | About ENAL | Collections | Services | Activities | Calendar | Contact us

7 Nadi El Sayed St., Giza, Egypt | Phone:02-33351121 +02-33351313 | 
| Email: enalegypt@gmail.com